000 00427nam a2200205Ia 4500
001 003144
003 YMCAF
005 20230512160207.0
008 100717s1966 ||||||||||||||||| ||und|d
024 _a3144
035 _a3120
040 _aYMCAF
_beng
_cIN-KoLT
041 _aeng
082 _aBAS-GIK
100 _aGIACHINO J.W.
245 0 _aBASIC SHEET METAL PRAC.
260 _c1966
300 _a0
942 _2ddc
_cBK
999 _c2430
_d2430